00683nam a2200181 a 450000100100000000500170001000800410002704000250006808200240009310000320011724500650014926000510021430000430026559000260030850400290033495201210036399900170048400004800620201002060847.0110714s1980 dr abc 000 0 spa d aDO-SdBNPbspacBNPHU axxbxxbM766b, 19801 aMontás, Argentinas95833010aBosquejo de la historia de América /cArgentinas Montás. aSanto Domingo :bLibrería Dominicana,c1980. a288 p. :bil., mapas, retrs. ;c23 cm. aInventariado, 2018/VM aBibliografía : p. 288. 0010718PDaPDbPDcHDd2018-10-12iLF1l0oxx xx M766b, 1980p48006-10r2020-06-25w2020-06-25yLFPDZNo se presta c47494d47494